Quiz postacie z pierwszej serii Percy'ego Jacksona - Statystyki

Ogólne statystyki
  • Ten quiz został rozwiązany 33 razy
  • Średni wynik to 8 z 15
Answers on the Grid
Answers color-coded by a green-red scale on the quiz's grid according to % correct below.
Groover Underwood
Michael Jackson
Jason Grace
Annabeth Chase
Percy Jackson
Walt Stone
Nico di Angelo
Connor Hood
Magnus Chase
Oktawian
Silena Beauregard
Carter Kane
Charles Beckendorf
Aru Shah
Leo Valdez
Will Solace
Luke Castellan
Melisa Blythe
Thalia Grace
Alex Fierro
Sally Jackson
Beneth Oddy
Harry Potter
Clarise la Rue
Sadie Cane
Bianca di Angelo
Rachel Elizabeth Dare
Random guy
Amelia Chance
Chris Rodriguez
 
Statystyki odpowiedzi
Odpowiedź % Poprawnych
Groover Underwood
91%
Percy Jackson
78%
Annabeth Chase
65%
Thalia Grace
61%
Luke Castellan
57%
Nico di Angelo
57%
Sally Jackson
52%
Bianca di Angelo
48%
Charles Beckendorf
48%
Chris Rodriguez
43%
Clarise la Rue
39%
Rachel Elizabeth Dare
39%
Silena Beauregard
39%
Will Solace
39%
Connor Hood
35%
Nie znaleziono quizów pasujących do podanych kryteriów
Rozkład punktacji
Procent ludzi z każdym wynikiem
Percentyl według liczby udzielonych odpowiedzi
Twoja historia wyników
Nie rozwiązałeś tego quizu